00338nam a2200133Ia 450000500170000000800410001702000150005808200130007310000100008624500180009626000430011430000130015750000340017020250402213413.0240331s9999 xx 000 0 und d a1876626143 bSUVa894 aSu, V 0aMann vaasanai aChennaibMithra Book Publicationc2001 a184 p ., aA Collection of Short Stories